00614nam a2200241Ia 4500008004100000020001800041050001400059100001900073245002900092245005200121260002500173260001600198260000900214300001400223300002800237300001000265500001000275650001100285650002300296650002000319650002200339700001100361190123s9999 xx 000 0 und d a9780545135337 bK519 2007 aKinerk, Robert 0aBear's first Christmas / 0cby Robert Kinerk ; illustrated by Jim LaMarche. aNew York, New York : bScholastic, c2007 aunpaged : bcolored illustrations ; c27cm. a1000L aBears. aChristmas stories. aForest animals. aStories in rhyme. aTitle.